| 000 | 00460pab a2200169 454500 | ||
|---|---|---|---|
| 008 | 180718b1996 xxu||||| |||| 00| 0 eng d | ||
| 245 | _aSPECIAL issue on emergency revisited | ||
| 260 | _c1996 | ||
| 300 | _ap.1-178 | ||
| 362 | _aAnnual Number | ||
| 650 | _aConstitutional law - India | ||
| 650 | _aWar and emergency powers - India | ||
| 650 | _aIndia - Politics and government | ||
| 650 | _aPolitics and government | ||
| 773 | _aJanata | ||
| 909 | _a31804 | ||
| 999 |
_c31804 _d31804 |
||